| 000 | 00843nam a22002177a 4500 | ||
|---|---|---|---|
| 005 | 20170203123831.0 | ||
| 008 | 090120t xxu||||| |||| 00| 0 hin d | ||
| 010 | _aA-652425 | ||
| 020 |
_a8173150435 _c100.00 |
||
| 035 | _aA-652425 | ||
| 037 | _bDPL | ||
| 040 | _aDPL | ||
| 082 |
_a920 _21993 |
||
| 100 | _aशर्मा, शंकर दयाल | ||
| 245 |
_aहमारी सांस्कृतिक धरोहर / _cशंकर दयाल शर्मा |
||
| 246 |
_aHamaarii saanskritika dharohara _bby Shankar Dayal Sharma |
||
| 260 |
_aदिल्ली _bप्रभात प्रकाशन _c1993 |
||
| 270 |
_aचावडी बाजार _b दिल्ली _e10006 |
||
| 300 |
_a127पृ. _c21सेमी (सजिल्द) |
||
| 942 |
_2ddc _cHN _mशर्माशं _h920 |
||
| 999 |
_c21787 _d21787 |
||